00283nam a2200097Ia 4500008004100000100002700041245004400068260003900112300001100151650002300162191201s2019 xx 000 0 und d aDANDIYA, PC and Others 0aHealth education and community pharmacy bVallabh PrakashanaNew delhic2019 a351+31 aCommunity Pharmacy